• 首页
  • 本馆介绍
  • 公告通知
  • 最新文献
  • 馆藏检索
  • 电子资源
  • 读者导购
  • 参考咨询
  • 我的图书馆
  • 登录
  • 详细信息显示
  • 放入我的书架
  • 预约/预借图书
  • 作者相关作品
  • 分类相关作品
  • 丛书相关作品
  • 出版社相关作品

书目信息

  • 表格格式
  • 工作单格式
  • 卡片格式
题名:
HR全程法律顾问
    
 
作者: 周丽霞 著
分册:  
出版信息: 北京   中国法制出版社  2015.3
页数: 427页
开本: 26cm
丛书名:
单 册:
中图分类: D922.504
科图分类:
主题词: 企业管理--Qi Ye Guan Li--人力资源管理--劳动法--基本知识--中国 , 人力资源管理--Ren Li Zi Yuan Guan Li , 劳动法--Lao Dong Fa , 基本知识--Ji Ben Zhi Shi , 中国--Zhong Guo
电子资源:
ISBN: 978-7-5093-5915-0
000 02000nam0 22003131 450
001 350103
005 20161008165950.82
010    @a978-7-5093-5915-0@dCNY68.00
100    @a20150325d2015 em y0chiy50 ea
101 0  @achi
102    @aCN@b110000
105    @ay z 000yy
106    @ar
200 1  @aHR全程法律顾问@AHRQuan Cheng Fa Lv Gu Wen@e企业人力资源管理高效工作指南@eHR、商务人士、企业管理人员、劳动法律师、企业法律顾问的必备宝典@f周丽霞著
205    @a3版@b增订版
210    @a北京@c中国法制出版社@d2015.3
215    @a427页@d26cm
330    @a本书由专业劳动法律师累积数年实务经验打造,增订版增加最新修订《劳动合同法》《劳动争议司法解释(四)》《工伤保险行政案件司法解释》《女职工劳动保护特别规定》等内容,是最受企业HR欢迎的案头工具书之一。《HR全程法律顾问:企业人力资源管理高效工作指南(增订版)》特点:一是对所涉及的全部法律法规进行了更新。结合近两年劳动法律法规变化的实际情况,本次增订中对所涉及的劳动法律法规及司法解释进行了全面的更新,以确保书中所援用和依据的法律法规均是最新出台和现行有效的。二是对相关的实务操作进行了全面梳理。由于法律法规、相关政策及社会经济环境的变化,导致在实务操作中面对某个具体问题时,司法裁判口径和尺度也在发生着或微妙或重大的改变。本次增订中结合原有案例和做法,进一步向大家阐述了相关实务中最新的操作口径和办案经验。三是对原书的文字和语义又进行了一次精修,使得内容读起来更通顺、更有条理,用词更准确、更规范。
517 1  @a企业人力资源管理高效工作指南@AQi Ye Ren Li Zi Yuan Guan Li Gao Xiao Gong Zuo Zhi Nan
517 1  @aHR、商务人士、企业管理人员、劳动法律师、企业法律顾问的必备宝典@AHRShang Wu Ren Shi Qi Ye Guan Li Ren Yuan Lao Dong Fa Lv Shi Qi Ye Fa Lv Gu Wen De Bi Bei Bao Dian
606 0  @a企业管理@AQi Ye Guan Li@x人力资源管理@x劳动法@x基本知识@y中国
606 0  @a人力资源管理@ARen Li Zi Yuan Guan Li
606 0  @a劳动法@ALao Dong Fa
606 0  @a基本知识@AJi Ben Zhi Shi
606 0  @a中国@AZhong Guo
690    @aD922.504@v5
701  0 @a周丽霞@AZhou Li Xia@4著
801  0 @aCN@bTANGWEI@20160803
905    @b0888340-4@dD922.504@e1348=3@f5
    
    HR全程法律顾问:企业人力资源管理高效工作指南:HR、商务人士、企业管理人员、劳动法律师、企业法律顾问的必备宝典/周丽霞著.-3版,增订版.-北京:中国法制出版社,2015.3
    427页;26cm
    
    
    ISBN 978-7-5093-5915-0:CNY68.00
    本书由专业劳动法律师累积数年实务经验打造,增订版增加最新修订《劳动合同法》《劳动争议司法解释(四)》《工伤保险行政案件司法解释》《女职工劳动保护特别规定》等内容,是最受企业HR欢迎的案头工具书之一。《HR全程法律顾问:企业人力资源管理高效工作指南(增订版)》特点:一是对所涉及的全部法律法规进行了更新。结合近两年劳动法律法规变化的实际情况,本次增订中对所涉及的劳动法律法规及司法解释进行了全面的更新,以确保书中所援用和依据的法律法规均是最新出台和现行有效的。二是对相关的实务操作进行了全面梳理。由于法律法规、相关政策及社会经济环境的变化,导致在实务操作中面对某个具体问题时,司法裁判口径和尺度也在发生着或微妙或重大的改变。本次增订中结合原有案例和做法,进一步向大家阐述了相关实务中最新的操作口径和办案经验。三是对原书的文字和语义又进行了一次精修,使得内容读起来更通顺、更有条理,用词更准确、更规范。
●
相关链接 在E读中查询图书 在五车中查询图书 在当当中查询图书 在豆瓣中查询图书


正题名:HR全程法律顾问     索取号:D922.504/1348=3         预约/预借

序号 登录号 条形码 馆藏地/架位号 状态 备注
1 0888340   208883403   第一样本阅览室/ [索取号:D922.504/1348=3] 在馆    
2 0888341   208883412   密集书库-史法系/ [索取号:D922.504/1348=3] 在馆    
3 0888342   208883421   第一借阅区/ [索取号:D922.504/1348=3] 在馆    
4 0888343   208883430   第一借阅区/ [索取号:D922.504/1348=3] 在馆    
5 0888344   208883449   第一借阅区/ [索取号:D922.504/1348=3] 在馆    
唐山师范学院图书馆 欢迎您!
大连网信软件有限公司© 版权所有